| 000 | 01095nac a22003497a 4500 | ||
|---|---|---|---|
| 001 | BR8005340 | ||
| 003 | BR-BrBNA | ||
| 005 | 20240105114759.0 | ||
| 008 | 230509b bl.|||m| |||| 00| 0 por d | ||
| 040 |
_aBR-BrBNA _bpor _cBiblioteca Nacional de Agricultura |
||
| 072 | _aE70; E15 | ||
| 090 | _a0336 BR8005340 | ||
| 100 | 1 | _aZockun, M.H.G.P. | |
| 110 | 1 |
_aUniversidade de Sao Paulo, Sao Paulo (Brasil). Inst. de Pesquisas Economicas _910549 |
|
| 245 | 1 | _aA expansao da soja no Brasil. Alguns aspectos da producao | |
| 260 | 3 |
_aSao Paulo, SP (Brasil): _c1980. |
|
| 300 | _a243 p. | ||
| 490 |
_aEnsaios Economicos - Universidade de Sao Paulo. Inst. de Pesquisas Economicas (Brazil) _vno. 4 _x |
||
| 500 | _aBibliography p. 239-243 (66 ref.); 32 tables | ||
| 650 | _aSOJA | ||
| 650 | _aMERCADO | ||
| 650 | _aDEMANDA | ||
| 650 | _aOFERTA | ||
| 650 | _aPRECO | ||
| 650 | _aEXPORTACAO | ||
| 650 | _aSISTEMA DE PRODUCAO | ||
| 650 | _aRIO GRANDE DO SUL | ||
| 650 | _aPARANA | ||
| 650 | _aSAO PAULO | ||
| 909 |
_a202312 _bLúcia Elande _c55 _dLúcia Elande |
||
| 942 |
_2AGRIS _n0 _cMS |
||
| 999 |
_c271253 _d271253 |
||